000 00260nam a2200109Ia 4500
008 190216s9999||||xx |||||||||||||| ||und||
100 _aNull
245 0 _aKeralam Padinanjum Padinarum Nootandukalil
260 _bNbs Kottayam
650 _aHistory
942 _cBK
999 _c19832
_d19832